[Event "AUTO-MASTER-3254"]
[Site "http://www.queenalice.com/game.php?id=1852592"]
[Date "2025.2.22"]
[Round "1"]
[White "lat47"]
[Black "NimbleKnight"]
[Result "1-0"]
[WhiteElo "1904"]
[BlackElo "2111"]

1. d4 Nf6 2. e3 d5 3. Bd3 e6 4. Nf3 c5 5. c3 Nc6 6. Ne5 Bd6 7. Nxc6 bxc6 8. Nd2
c4 9. Bc2 Bd7 10. b3 cxb3 11. axb3 Qc7 12. g3 O-O 13. Nf3 Rab8 14. Ba3 Bxa3 15.
Rxa3 Rb6 16. Ne5 Qb8 17. g4 Rd8 18. Qf3 Qc7 19. g5 Ne8 20. Qxf7+ Kh8 21. Qf8#
1-0

[Event "AUTO-MASTER-3254"]
[Site "http://www.queenalice.com/game.php?id=1852593"]
[Date "2025.2.22"]
[Round "1"]
[White "NimbleKnight"]
[Black "lat47"]
[Result "1-0"]
[WhiteElo "2114"]
[BlackElo "1899"]

1. e4 e5 2. Nf3 Nc6 3. Bb5 f6 4. O-O Nce7 5. d4 exd4 6. Nxd4 a6 7. Bd3 g6 8. Bf4
c5 9. Nf3 Qb6 10. b3 d6 11. Bc4 Nh6 12. Qxd6 Qxd6 13. Bxd6 Nc6 14. Bxf8 Rxf8 15.
Re1 Kd8 16. a3 Re8 17. Nc3 Bg4 18. Nd2 Nd4 19. Rac1 Be6 20. e5 f5 21. f4 Kc7 22.
Bxe6 Rxe6 23. Ne2 Kc6 24. Nxd4+ cxd4 25. Nf3 Rd8 26. Rcd1 Kc5 27. c3 Re7 28.
cxd4+ Kd5 29. Rc1 b6 30. Rc3 Rdd7 31. Rec1 Re6 32. Kf2 Ree7 33. h3 Nf7 34. Ke3
Re6 35. Ne1 Nd8 36. Nd3 Nb7 37. Nb4# 1-0

[Event "AUTO-MASTER-3254"]
[Site "http://www.queenalice.com/game.php?id=1852608"]
[Date "2025.2.22"]
[Round "1"]
[White "NimbleKnight"]
[Black "CCapivara"]
[Result "1/2-1/2"]
[WhiteElo "2108"]
[BlackElo "2198"]

1. d4 d6 2. e4 Nf6 3. Nc3 c6 4. f4 Qa5 5. Bd3 e5 6. Nf3 Bg4 7. Be3 Nbd7 8. O-O
Be7 9. h3 exf4 10. Bxf4 Bh5 11. Qd2 O-O 12. Ne2 Qxd2 13. Bxd2 b5 14. Nf4 Bg6 15.
Nxg6 hxg6 16. Rfe1 Rfe8 17. c3 a5 18. e5 dxe5 19. Nxe5 Nxe5 20. Rxe5 Bd6 21.
Rxe8+ Rxe8 22. Re1 Rxe1+ 23. Bxe1 Kf8 24. Kf2 Ke7 25. b3 b4 26. c4 g5 27. Kf3 g6
28. Bd2 Nh7 29. Be4 Kd7 30. d5 cxd5 31. Bxd5 f5 32. Be3 Nf6 33. Bxg5 Nxd5 34.
cxd5 Be5 35. Be3 Kd6 36. Bb6 Kxd5 37. Bxa5 Bd6 38. Ke3 Ke5 39. Bd8 Bc5+ 40. Kd3
Kd5 41. Bg5 Bd6 42. Bd2 Bc5 43. Bg5 Bd6 44. Bd2 Bc5 45. Bg5 1/2-1/2

[Event "AUTO-MASTER-3254"]
[Site "http://www.queenalice.com/game.php?id=1852609"]
[Date "2025.2.22"]
[Round "1"]
[White "CCapivara"]
[Black "NimbleKnight"]
[Result "1-0"]
[WhiteElo "2228"]
[BlackElo "2111"]

1. e4 e6 2. d4 d5 3. exd5 exd5 4. Nf3 Nf6 5. Bd3 Bd6 6. O-O O-O 7. Bg5 h6 8. Bh4
Bg4 9. Nbd2 Nbd7 10. c3 c6 11. Qa4 Re8 12. Rae1 Qc7 13. Bb1 b6 14. Bxf6 Nxf6 15.
h3 Bh5 16. g4 Bg6 17. Bxg6 fxg6 18. Ne5 Bxe5 19. Rxe5 Rxe5 20. dxe5 Qxe5 21.
Qxc6 Re8 22. Nf3 Qe6 23. Qxe6+ Rxe6 24. Re1 Rxe1+ 25. Nxe1 Kf7 26. f3 Ke6 27.
Kf2 Nd7 28. Ke3 Nf6 29. Kd4 Kd6 30. Nd3 g5 31. f4 gxf4 32. Nxf4 g5 33. Nd3 Nd7
34. b4 Ke6 35. a4 Kd6 36. b5 Ke6 37. Nb4 Nf6 38. Nc6 Nd7 39. Nxa7 Kd6 40. Nc8+
Ke6 41. c4 dxc4 42. Kxc4 Ke5 43. Ne7 Kf6 44. Nf5 h5 45. Kd5 hxg4 46. hxg4 Kf7
47. Kd6 Ke8 48. Kc7 Nc5 49. Kxb6 Nxa4+ 50. Kc7 Kf7 51. b6 Nxb6 52. Kxb6 Ke6 53.
Kc6 Ke5 54. Kd7 Kf6 55. Kd6 Kf7 56. Ke5 Kg6 57. Ke6 Kh7 58. Kf6 Kg8 59. Kxg5 Kh8
60. Kh6 Kg8 61. g5 Kh8 62. g6 Kg8 63. g7 Kf7 64. Kh7 1-0

[Event "AUTO-MASTER-3254"]
[Site "http://www.queenalice.com/game.php?id=1852610"]
[Date "2025.2.22"]
[Round "1"]
[White "NimbleKnight"]
[Black "Pin"]
[Result "0-1"]
[WhiteElo "2161"]
[BlackElo "2026"]

1. e4 c5 2. Nf3 d6 3. d4 cxd4 4. Nxd4 Nf6 5. Nc3 a6 6. Bg5 Nbd7 7. f4 Qc7 8. Qf3
b5 9. O-O-O Bb7 10. Bd3 Qc5 11. Nb3 Qc7 12. Bxf6 Nxf6 13. Qe2 b4 14. Nb1 g6 15.
Rhe1 Bg7 16. N1d2 O-O 17. Kb1 a5 18. Nc1 a4 19. Nf3 Rfc8 20. g3 b3 21. cxb3 Nd7
22. bxa4 Rxa4 23. Rd2 Nc5 24. Rc2 Qb6 25. Rd1 Nxd3 26. Rxc8+ Bxc8 27. Nxd3 Be6
28. Nc1 Bc4 29. Qc2 Rb4 30. b3 Be6 31. e5 Bf5 32. Nd3 Rb5 33. Rd2 dxe5 34. fxe5
Qe3 35. Nfe1 Bxe5 36. Kc1 Bd6 37. Qc3 Bb4 38. Qb2 Bxd2+ 39. Qxd2 Qd4 40. Qb2
Qe3+ 41. Qd2 Qa7 42. Qb2 Rb8 43. Qd2 Qa3+ 44. Qb2 Rc8+ 45. Kd2 Qd6 46. Qe5 Qd7
47. Qb2 Rd8 48. Qc3 e5 49. Ke2 e4 50. Nf2 Qb5+ 51. Ke3 h5 52. Nc2 Qb6+ 53. Ke2
Qa6+ 54. Ke3 Qxa2 55. Ke2 Rc8 56. Qxc8+ Bxc8 57. Kd1 Bf5 58. Kc1 e3 59. Nd1
Qxc2# 0-1

[Event "AUTO-MASTER-3235"]
[Site "http://www.queenalice.com/game.php?id=1852993"]
[Date "2025.2.26"]
[Round "2"]
[White "yamato"]
[Black "NimbleKnight"]
[Result "1/2-1/2"]
[WhiteElo "2307"]
[BlackElo "2145"]

1. d4 Nf6 2. Nf3 d5 3. c4 e6 4. Nc3 Be7 5. Bg5 O-O 6. e3 h6 7. Bh4 b6 8. Qb3 Bb7
9. Bxf6 Bxf6 10. cxd5 exd5 11. Be2 Nd7 12. Nxd5 Bxd5 13. Qxd5 c5 14. O-O Re8 15.
Rfd1 cxd4 16. Nxd4 Nf8 17. Qxd8 Rexd8 18. Kf1 Rac8 19. Rd2 Ne6 20. Rad1 Nxd4 21.
exd4 Rd6 22. d5 Rcd8 23. Bf3 g6 24. Rc2 Kg7 25. b4 Be5 26. g3 Kf8 27. Rdc1 Ke7
28. h4 R8d7 29. Rc6 Rd8 30. Rc7+ R8d7 31. Rxd7+ Rxd7 32. Ke2 Rd8 33. Ke3 Bd6 34.
a3 Rd7 35. h5 g5 36. Bg4 Rc7 37. Rc6 Rxc6 38. dxc6 a5 39. Kd4 axb4 40. axb4 Kd8
41. Kc4 Kc7 42. Bd7 Kd8 43. g4 Kc7 44. b5 Kd8 45. Kd5 Ke7 46. Bf5 Bc7 47. Bc8
Bb8 48. Ke4 Bc7 49. Kf5 Bb8 50. Ke4 Bc7 51. Kf5 Bb8 52. Ke4 Bc7 1/2-1/2

[Event "AUTO-MASTER-3235"]
[Site "http://www.queenalice.com/game.php?id=1852994"]
[Date "2025.2.26"]
[Round "2"]
[White "NimbleKnight"]
[Black "yamato"]
[Result "0-1"]
[WhiteElo "2132"]
[BlackElo "2251"]

1. e4 e6 2. d4 d5 3. Nc3 Nf6 4. Bg5 Bb4 5. e5 h6 6. Bd2 Bxc3 7. bxc3 Ne4 8. Qg4
Kf8 9. Bd3 Nxd2 10. Kxd2 c5 11. h4 Nc6 12. Nf3 c4 13. Be2 b5 14. Qf4 a5 15. a3
Rb8 16. g4 Qe7 17. h5 b4 18. axb4 axb4 19. Qe3 b3 20. cxb3 Rxb3 21. Rhb1 Qb7 22.
Rxb3 Qxb3 23. Rc1 Qb2+ 24. Rc2 Qa3 25. Bd1 Na5 26. Qe2 Bd7 27. Ke1 Ke7 28. Nd2
Ba4 29. Rc1 Qxc1 30. f3 Bxd1 31. Qxd1 Qxc3 32. Qa4 Rb8 33. Ke2 Rb2 34. Qd1 Nb3
0-1

[Event "AUTO-MASTER-3235"]
[Site "http://www.queenalice.com/game.php?id=1852997"]
[Date "2025.2.26"]
[Round "2"]
[White "CCapivara"]
[Black "NimbleKnight"]
[Result "0-1"]
[WhiteElo "2202"]
[BlackElo "2091"]

1. e4 c5 2. Nf3 Nc6 3. d4 cxd4 4. Nxd4 g6 5. Nc3 Bg7 6. Be3 Nf6 7. Be2 O-O 8.
Qd2 d5 9. exd5 Nxd5 10. Nxd5 Nxd4 11. Bxd4 Qxd5 12. Bxg7 Qxg2 13. O-O-O Kxg7 14.
h4 Bf5 15. h5 Rac8 16. c3 Qe4 17. Qd4+ Qxd4 18. Rxd4 Rfd8 19. Rhd1 Rxd4 20. Rxd4
g5 21. Bf3 b6 22. Kd2 Rc7 23. Ke3 Rd7 24. Rxd7 Bxd7 25. Kd4 Kf6 26. c4 g4 27.
Be4 h6 28. b4 e5+ 29. Ke3 Ke7 30. c5 bxc5 31. bxc5 f5 32. Bd5 Bc8 33. a4 Ba6 34.
a5 Kd7 35. Kd2 Bb5 36. Ke3 Kc7 37. Be6 Bd7 38. Bd5 Kd8 39. a6 Kc7 40. Bb3 Bc6
41. Bc4 Bf3 42. Be6 f4+ 43. Kd3 Kc6 44. Kc4 g3 0-1

[Event "AUTO-MASTER-3237"]
[Site "http://www.queenalice.com/game.php?id=1853524"]
[Date "2025.3.8"]
[Round "2"]
[White "NimbleKnight"]
[Black "tucuman10"]
[Result "1-0"]
[WhiteElo "2133"]
[BlackElo "2137"]

1. d4 e6 2. e4 d5 3. exd5 Qxd5 4. Nf3 Nc6 5. Nc3 Bb4 6. a3 Bxc3+ 7. bxc3 Nf6 8.
Bf4 O-O 9. Bxc7 Ne4 10. c4 Qd7 11. Bf4 b6 12. Qd3 f5 13. Be2 Ba6 14. O-O Rad8
15. c3 Nf6 16. Rfe1 Ne4 17. Rad1 Na5 18. Ne5 Qb7 19. Bf3 Rc8 20. Bxe4 1-0

[Event "AUTO-MASTER-3237"]
[Site "http://www.queenalice.com/game.php?id=1853525"]
[Date "2025.3.8"]
[Round "2"]
[White "tucuman10"]
[Black "NimbleKnight"]
[Result "0-1"]
[WhiteElo "2150"]
[BlackElo "2120"]

1. d4 Nf6 2. e3 d5 3. c4 e6 4. Nc3 Be7 5. Nf3 O-O 6. a3 b6 7. Be2 Bb7 8. O-O
Nbd7 9. Bd2 c5 10. Bd3 dxc4 11. Bc2 cxd4 12. exd4 a6 13. Qe2 b5 14. Rfe1 Bxf3
15. Qxf3 Nb6 0-1

[Event "AUTO-MASTER-3237"]
[Site "http://www.queenalice.com/game.php?id=1853526"]
[Date "2025.3.8"]
[Round "2"]
[White "NimbleKnight"]
[Black "cerenzo72"]
[Result "1-0"]
[WhiteElo "2129"]
[BlackElo "2089"]

1. d4 Nf6 2. c4 g6 3. Nc3 Bg7 4. e4 d6 5. Be2 O-O 6. Be3 b6 7. Nf3 Bb7 8. Qc2
Nbd7 9. O-O e6 10. h3 Rc8 11. Rfd1 Re8 12. Rac1 a5 13. e5 Nh5 14. g4 dxe5 15.
gxh5 exd4 16. Nxd4 Qf6 17. hxg6 fxg6 18. Qd2 Qh4 19. Bf1 Rcd8 20. Bg5 Qh5 21.
Bxd8 Rxd8 22. Nxe6 Qf3 23. Nd5 Re8 24. Nxg7 Kxg7 25. Re1 Ne5 26. Rc3 Qf5 27. Bg2
Rf8 28. Qd4 Re8 29. Rce3 c5 30. Qc3 1-0

[Event "AUTO-MASTER-3240"]
[Site "http://www.queenalice.com/game.php?id=1855171"]
[Date "2025.4.7"]
[Round "2"]
[White "CCapivara"]
[Black "NimbleKnight"]
[Result "0-1"]
[WhiteElo "2221"]
[BlackElo "2150"]

1. e4 c5 2. Nf3 Nc6 3. d4 cxd4 4. Nxd4 g6 5. Nc3 Bg7 6. Be3 Nf6 7. Qd2 O-O 8.
O-O-O d5 9. exd5 Nxd5 10. Nxd5 Qxd5 11. Nxc6 Qxc6 12. Bd4 Bf5 13. f3 Bxd4 14. g4
Be3 0-1

[Event "AUTO-MASTER-3240"]
[Site "http://www.queenalice.com/game.php?id=1855172"]
[Date "2025.4.7"]
[Round "2"]
[White "NimbleKnight"]
[Black "CCapivara"]
[Result "0-1"]
[WhiteElo "2164"]
[BlackElo "2188"]

1. Nf3 d6 2. c4 e5 3. Nc3 f5 4. e4 Nf6 5. d3 Be7 6. Be2 O-O 7. O-O c6 8. Bd2 Kh8
9. Rb1 Qe8 10. b4 fxe4 11. dxe4 Qg6 12. Qc2 Bh3 13. Ne1 Nbd7 14. Kh1 Be6 15. Nf3
Nh5 16. b5 d5 17. cxd5 cxd5 18. Bd3 d4 19. Ne2 Bg4 20. Neg1 Nf4 21. Bxf4 Rxf4
22. Rbc1 Raf8 23. Qd2 Rxf3 24. Nxf3 Rxf3 25. Rc7 Rf8 26. f3 Be6 27. Rfc1 Bg5 28.
Qe2 Bxc1 29. Rxc1 Nf6 30. Qf2 Rc8 31. Rxc8+ Bxc8 32. h3 h6 33. Kh2 Nh5 34. g3
Bd7 35. Be2 Qe6 36. Bf1 Qb6 37. Qe2 Nf6 38. Qd3 Qc5 39. Be2 Qc3 40. h4 Qxd3 41.
Bxd3 Be6 42. a3 Nd7 43. a4 Nc5 44. Bc2 Bb3 45. Bxb3 Nxb3 46. Kg2 Nc5 47. a5 a6
48. bxa6 bxa6 49. Kf2 Nb3 50. Ke2 Nxa5 51. f4 exf4 52. gxf4 Nc6 53. Kd3 a5 54.
e5 a4 55. Kc4 a3 56. Kb3 d3 0-1

[Event "AUTO-MASTER-3240"]
[Site "http://www.queenalice.com/game.php?id=1855175"]
[Date "2025.4.7"]
[Round "2"]
[White "NimbleKnight"]
[Black "Scharlatan"]
[Result "0-1"]
[WhiteElo "2116"]
[BlackElo "2050"]

1. e4 e6 2. d4 d5 3. exd5 exd5 4. c4 Bb4+ 5. Nc3 Ne7 6. Nf3 O-O 7. Be2 dxc4 8.
Bxc4 Bg4 9. Be3 Nd5 10. Bxd5 Qxd5 11. O-O Bxf3 12. Qxf3 Qxf3 13. gxf3 c6 14. a3
Ba5 15. b4 Bc7 16. Rac1 Nd7 17. Ne4 f5 18. Nc5 Nxc5 19. dxc5 Rad8 20. Rcd1 Be5
21. Bc1 Kf7 22. Rfe1 Bc3 23. Rxd8 Rxd8 24. Rf1 Re8 25. Kg2 a5 26. Rd1 axb4 27.
axb4 Bxb4 28. Be3 h6 0-1

[Event "AUTO-MASTER-3240"]
[Site "http://www.queenalice.com/game.php?id=1855176"]
[Date "2025.4.7"]
[Round "2"]
[White "Scharlatan"]
[Black "NimbleKnight"]
[Result "1-0"]
[WhiteElo "2069"]
[BlackElo "2102"]

1. d4 Nf6 2. c4 e6 3. Nc3 d5 4. cxd5 exd5 5. Bg5 Be7 6. e3 c6 7. Bd3 h6 8. Bf4
O-O 9. Nge2 Nbd7 10. Rg1 Re8 11. g4 Nh7 12. Qc2 Ndf8 13. h3 Bd7 14. O-O-O Be6
15. Bg3 Rc8 16. f4 Bd7 17. Kb1 Bf6 18. e4 dxe4 19. Nxe4 Be7 20. Nc5 Bxc5 21.
dxc5 Qe7 22. Rge1 Qf6 23. Bxh7+ Nxh7 24. Rxd7 Re7 25. Rxe7 Qxe7 26. Nd4 Qd7 27.
Nf5 1-0